[Event "Bad Soden sim2"]
[Site "Bad Soden"]
[Date "2019.10.03"]
[Round "1.2"]
[White "Keymer, Vincent"]
[Black "Kuenzel, Paul Gerhardt"]
[Result "1/2-1/2"]
[WhiteElo "2506"]
[BlackElo "1551"]
[PlyCount "71"]
[EventDate "2019.10.03"]
[EventType "simul"]
[EventRounds "1"]
[EventCountry "GER"]
[SourceTitle "EXT 2021"]
[Source "ChessBase"]
[SourceDate "2020.10.23"]
[SourceVersion "1"]
[SourceVersionDate "2020.10.23"]
[SourceQuality "1"]

1. c4 c5 2. Nf3 Nf6 3. Nc3 Nc6 4. d4 cxd4 5. Nxd4 e6 6. g3 Bc5 7. Nb3 Be7 8. Bg2 0-0 9. 0-0 d6 10. Bf4 e5 11. Bg5 Be6 12. Bxf6 Bxf6 13. Nd5 Be7 14. Nd2 Bxd5 15. Bxd5 Qc7 16. Ne4 Kh8 17. Nc3 a6 18. Rc1 Qd7 19. Bg2 Rab8 20. Nd5 Bd8 21. b3 Ne7 22. Nc3 Nc6 23. e3 Ne7 24. Qd3 Ba5 25. Ne4 Rfd8 26. Rfd1 Bb4 27. Ng5 Ng6 28. Bd5 Rf8 29. h4 f6 30. Nxh7 Kxh7 31. h5 f5 32. hxg6+ Kxg6 33. Kg2 Rh8 34. Rh1 e4 35. Qc2 Qe7 36. Qb2 1/2-1/2

[Event "Rhein Main op-B 21st"]
[Site "Bad Homburg"]
[Date "2018.06.03"]
[Round "7"]
[White "Wu, Sifan"]
[Black "Kuenzel, Paul Gerhardt"]
[Result "1-0"]
[WhiteElo "1388"]
[BlackElo "1623"]
[PlyCount "75"]
[EventDate "2018.05.30"]
[EventType "swiss"]
[EventRounds "7"]
[EventCountry "GER"]
[SourceTitle "EXT 2019"]
[Source "ChessBase"]
[SourceDate "2018.10.10"]
[SourceVersion "1"]
[SourceVersionDate "2018.10.10"]
[SourceQuality "1"]

1. e4 e6 2. d4 d5 3. Nc3 Nf6 4. Bg5 Be7 5. f3 0-0 6. exd5 Nxd5 7. Bxe7 Qxe7 8. Qd2 Nc6 9. 0-0-0 a5 10. Re1 Nxc3 11. Qxc3 Rd8 12. Ne2 Nb4 13. Kb1 b6 14. Nf4 Bb7 15. a3 Nd5 16. Nxd5 Rxd5 17. Bd3 Rd6 18. Rd1 Rc8 19. Be4 Bd5 20. Qd3 f5 21. Bxd5 Rxd5 22. Rhe1 Rd6 23. c3 Qd7 24. Qc4 c5 25. Qd3 Rd8 26. Qc4 cxd4 27. cxd4 b5 28. Qa2 b4 29. axb4 axb4 30. Qb3 Rb8 31. Re5 Rb5 32. Rxb5 Qxb5 33. Re1 Qb6 34. Qc4 Kf7 35. Rd1 g5 36. d5 exd5 37. Rxd5 Qg1+ 38. Rd1+ 1-0